Taylor Swift - Devine la chanson sans indices #27 - Statistiques

Statistiques générales
  • Ce quiz a été pris 343 fois
  • Le résultat moyen est 334 sur 412
Statistiques - réponses
Réponse % Correct
a
100%
I
100%
"I
100%
Ugh,
99%
you
99%
you,"
99%
you"
99%
you,
99%
You
99%
love
96%
me,"
93%
me,
93%
me
93%
me)
93%
Oh
93%
Oh,
93%
Ooh,
93%
ooh
93%
(Ooh)
93%
(Ooh,
93%
ooh)
93%
The
93%
to
91%
we
91%
We
91%
(We)
91%
my
89%
your
89%
are
88%
and
87%
And
87%
And,
87%
back
85%
is
85%
it,
85%
it
85%
like,
85%
Like,
85%
when
85%
When
85%
ever,
84%
ever
84%
getting
84%
never,
84%
"Never
84%
never"
84%
never
84%
together
84%
together,
84%
I'm
83%
he
81%
in
81%
"This
81%
This
81%
this
81%
go
80%
say
79%
say,
79%
up
79%
up,
79%
but
77%
But
77%
for
77%
were
77%
remember
76%
time,
76%
(What?)
76%
call
75%
'Cause,
75%
said
75%
that
75%
Then
75%
first
74%
talk
74%
(Talk
74%
broke
73%
friends,
73%
so
73%
had
72%
(No)
71%
No,
71%
hate
70%
last
69%
enough"
68%
space
68%
miss
67%
needed
67%
night,
67%
"Baby,
66%
gonna
66%
of
66%
telling
66%
other
65%
seen
65%
still
65%
again
64%
break
64%
I've
64%
know?
64%
mine
64%
month
64%
"Trust
64%
called
63%
day?
63%
each
63%
how
63%
change"
62%
come
61%
swear
60%
off
57%
think
57%
sayin',
55%
used
55%
he's
54%
lasted
54%
than
54%
With
54%
(Yeah)
54%
yeah
54%
much
52%
cooler
51%
forever,
51%
around
50%
calls
50%
hadn't
50%
that's
49%
exhausting,
47%
tonight,
45%
picking
44%
really
44%
just,
42%
some
42%
record
41%
would
40%
fights
39%
indie
39%
right
39%
mind
38%
screaming
36%
mean,
35%
falling
31%
peace
29%
away
26%
find
26%
hide
20%
Aucun quiz correspondant
Distribution des résultats
% des personnes avec chaque résultat
Percentile par nombre de réponses
Votre historique - résultats
Vous n’avez pas pris ce quiz